000 01746nam a2200517 i 4500
001 7017
003 KOSZ 005
005 20200813102005.0
008 970510s1992 pl a f f |001 0 pol
015 _aUWD 1993/1685
020 _a8320414628
035 _a991000848179705066
035 _a(PL-WaBN)b10264437-48omnis_nlop
035 _ab10264437
035 _a(OCoLC)830055425
035 _a(PL)b0000001026443
035 _a(EXLNZ-48OMNIS_NETWORK)9910103241405606
040 _aWA N
_cWA N
_dKOSZ 005/HR
041 0 _apol
_beng
046 _k1992
080 _a536
080 _a519.61/.65
080 _a(075.8)
245 0 0 _aModelowanie numeryczne pól temperatury :
_bpraca zbiorowa /
_cpod red. Jana Szarguta ; [aut. Ryszard Białecki et al.].
260 _aWarszawa :
_bWydawnictwa Naukowo-Techniczne,
_c1992.
300 _a377, [3] s. :
_brys., wykr. ;
_c24 cm.
336 _aTekst
_btxt
_2rdacontent
337 _aBez urządzenia pośredniczącego
_bn
_2rdamedia
338 _aWolumin
_bnc
_2rdacarrier
380 _aKsiążki
380 _aPublikacje dydaktyczne
385 _mPoziom nauczania
_aSzkoły wyższe
388 _a1901-2000
388 _a1989-2000
504 _aBibliogr. przy rozdz. - Indeks. - Summ.
650 7 _aAnaliza numeryczna
_2DBN
650 7 _aTermodynamika
_2DBN
655 7 _aPodręczniki akademickie
_2DBN
658 _aFizyka i astronomia
700 1 _aBiałecki, Ryszard
_eAutor
700 1 _aSzargut, Jan
_d(1923-2017)
_eRedakcja
710 2 _aWydawnictwa Naukowo-Techniczne
_4pbl
856 _uhttp://koha.tu.koszalin.pl/cgi-bin/koha/opac-detail.pl?biblionumber=7017
_yKatalog online BPK
942 _2UKD
_cKS
999 _c7017
_d7017